[Event "Tulsa op"]
[Site "Tulsa"]
[Date "2004.01.18"]
[Round "5"]
[White "Paolercio, Anthony"]
[Black "Gacusana, David"]
[Result "1-0"]
[WhiteElo "1790"]
[BlackElo "1550"]
[PlyCount "39"]
[EventDate "2004.01.17"]
[EventType "swiss"]
[EventRounds "5"]
[EventCountry "USA"]
[SourceTitle "EXT 2006"]
[Source "ChessBase"]
[SourceDate "2005.11.24"]
[SourceVersion "1"]
[SourceVersionDate "2005.11.24"]
[SourceQuality "1"]

1. e4 e5 2. Nf3 Nc6 3. Bb5 d6 4. d4 Bd7 5. Nc3 h6 6. Bxc6 bxc6 7. dxe5 Bg4 8. exd6 Bxd6 9. Qd4 Nf6 10. e5 Qe7 11. Be3 c5 12. Qf4 Bxf3 13. exd6 cxd6 14. Qxf3 Rb8 15. 0-0 0-0 16. b3 Qe5 17. Bf4 Qe6 18. Rfe1 Qd7 19. Rad1 Rfc8 20. Rxd6 1-0